000 00259nam a2200109Ia 4500
008 190914s9999||||xx |||||||||||||| ||und||
100 _aHamdy A. Taha
245 0 _aOperations Research
260 _aIndia
_bWorld Scientific
_c2000
300 _a925
942 _cBK
999 _c8601
_d8601